Audrey Hepburn Movies Quiz Stats

 Plays Quiz Updated Feb 21, 2020

     
Support Sporcle.
Go Orange.
Score 0/27 Timer 07:00
1 Play Today
Character Movie % Correct
Holly GolightlyBreakfast at Tiffany's
96.3%
Eliza DoolittleMy Fair Lady
84.6%
Princess AnnRoman Holiday
80.2%
Title CharacterSabrina
66.9%
Regina LampertCharade
50.9%
Jo StocktonFunny Face
50.8%
Sister LukeThe Nun's Story
38.7%
Susy HendrixWait Until Dark
36.8%
Lady MarianRobin and Marian
35.8%
Natasha RostovaWar and Peace
32.4%
NicoleHow to Steal a Million
27.9%
Joanna WallaceTwo for the Road
27.4%
HapAlways
26.4%
Gabrielle Simpson/ GabyParis When It Sizzles
26.1%
Character Movie % Correct
Karen WrightThe Children's Hour
25%
Ariane ChavasseLove in the Afternoon
22.5%
RimaGreen Mansions
17.4%
Rachel ZacharyThe Unforgiven
17.1%
ChiquitaThe Lavender Hill Mob
14.6%
Elizabeth RoffeBloodline
14%
Angela NiotesThey All Laughed
12.5%
Linda FarrelMonte Carlo Baby
10.3%
Nora BretanoThe Secret People
9.8%
Cigarette GirlLaughter in Paradise
8.9%
Hotel ReceptionistOne Wild Oat
8.9%
Eve LesterYoung Wive's Tale
8.4%
Melissa WalterWe Will All Go to Monte Carlo
5.8%

From the Vault

Colored Symbol Selection IV

by goc3

In this case, X doesn't mark the spot.
Remove Ads.
Support Sporcle.
Get the best of Sporcle when you Go Orange. This ad-free experience offers more features, more stats, and more fun while also helping to support Sporcle. Thank you for becoming a member.

Show Comments

Extras

Top Quizzes Today


Score Distribution

Your Account Isn't Verified!

In order to create a playlist on Sporcle, you need to verify the email address you used during registration. Go to your Sporcle Settings to finish the process.

Report this User

Report this user for behavior that violates our Community Guidelines.

Details: